Cảm biến; T3

Сохранить в:
Библиографические подробности
Главный автор: Son Hong Doo
Формат:
Язык:Undetermined
Опубликовано: Hà Nội Lao Động - Xã Hội 2001
Предметы:
Метки: Добавить метку
Нет меток, Требуется 1-ая метка записи!
Thư viện lưu trữ: Trung tâm Học liệu Trường Đại học Cần Thơ
LEADER 00609nam a2200193Ia 4500
001 CTU_43579
008 210402s9999 xx 000 0 und d
020 |b 10.200đ 
082 |a 621.381 
082 |b D691c/T3 
100 |a Son Hong Doo 
245 0 |a Cảm biến; T3 
245 0 |c Son Hong Doo 
260 |a Hà Nội 
260 |b Lao Động - Xã Hội 
260 |c 2001 
650 |a electronic apparatus and appliances,electronic circuits,electronic engineering,semiconductors,spare parts,transistors 
904 |i Minh, 010919 
980 |a Trung tâm Học liệu Trường Đại học Cần Thơ